Playing with the nature: (Record no. 1434613)

MARC details
000 -LEADER
fixed length control field 00791nam a22002417a 4500
005 - DATE AND TIME OF LATEST TRANSACTION
control field 20250807151755.0
008 - FIXED-LENGTH DATA ELEMENTS--GENERAL INFORMATION
fixed length control field 250807b |||||||| |||| 00| 0 eng d
020 ## - INTERNATIONAL STANDARD BOOK NUMBER
International Standard Book Number 978-93-5098-135-1 (hbk)
037 ## - SOURCE OF ACQUISITION
Terms of availability TB
040 ## - CATALOGING SOURCE
Original cataloging agency AL
Transcribing agency AL
041 ## - LANGUAGE CODE
Source of code ENG
Language code of text/sound track or separate title ENG
084 ## - COLON CLASSIFICATION NUMBER
Classification number G:55.29W Q7
Assigning agency AL
100 ## - MAIN ENTRY--PERSONAL NAME
Personal name Nag, Sajal
245 ## - TITLE STATEMENT
Title Playing with the nature:
Remainder of title History and politics of environment in North-East India
260 ## - PUBLICATION, DISTRIBUTION, ETC.
Place of publication, distribution, etc. New Delhi, India
Name of publisher, distributor, etc. Manohar Publisher and Distributor
Date of publication, distribution, etc. 2017
300 ## - PHYSICAL DESCRIPTION
Extent 363p.
365 ## - TRADE PRICE
Price amount 1295.00
Currency code INR
650 ## - SUBJECT ADDED ENTRY--TOPICAL TERM
Topical term or geographic name entry element ENVIRONMENTAL SCIENCE
650 ## - SUBJECT ADDED ENTRY--TOPICAL TERM
Topical term or geographic name entry element Biology
700 ## - ADDED ENTRY--PERSONAL NAME
Personal name Nag, Sajal
Numeration Editor
9 (RLIN) 817468
942 ## - ADDED ENTRY ELEMENTS (KOHA)
Source of classification or shelving scheme Colon Classification (CC)
Koha item type Textbook
Classification part G:55.29W
Suppress in OPAC No

No items available.

Copyright @ Delhi University Library System